000 00424nam a2200169 4500
003 SEACOMEC
005 20240209135311.0
008 240209b |||||||| |||| 00| 0 eng d
020 _cRs.215.00
040 _aSEACOMEC
082 _a621.3815
_bM953
100 _aMukherjee,M.K.
245 1 _aBasic electronic engineering
_cM.K. Mukherjee
260 _aPune
_bEverest
_c2004
650 _aTechnology,Electronics
942 _cBOOK
999 _c605
_d605